Landscape Design Proposal Of Campus For Development Of Autistic Individuals (Record no. 361445)

MARC details
000 -LEADER
fixed length control field 00294nam a2200097Ia 4500
008 - FIXED-LENGTH DATA ELEMENTS--GENERAL INFORMATION
fixed length control field 241105s9999 xx 000 0 und d
041 ## - LANGUAGE CODE
Language code of text/sound track or separate title eng
100 ## - MAIN ENTRY--PERSONAL NAME
Personal name Iman
9 (RLIN) 183150
245 ## - TITLE STATEMENT
Title Landscape Design Proposal Of Campus For Development Of Autistic Individuals
260 ## - PUBLICATION, DISTRIBUTION, ETC. (IMPRINT)
Name of publisher, distributor, etc. BNCA M Arch LA, Pune
Date of publication, distribution, etc. 2017

No items available.